000 00507 a2200181 4500
003 OSt
005 20231201093306.0
008 231201b |||||||| |||| 00| 0 eng d
020 _a8171302319
040 _coclc
082 _a894.8123
_bMUK/M
100 _aMukundan, M
_96509
245 _aMayyazhippuzhayute Theerangalil /
_cM. Mukundan
250 _a62nd ed.
260 _aKottayam:
_bD C Books,
_c2021.
300 _a304p.
942 _2ddc
_cBK
_h894.8123
_iMUK/M
_k894.8123
_mMUK/M
999 _c43904
_d43904